Театр. [Т.] 3: [Пьесы (Запись № 8310802)

Подробности
000 -МАРКЕР
контрольное поле 01605nam2a22002651 4500
001 - ИДЕНТИФИКАТОР ЗАПИСИ
контрольное поле rc\4282325
005 - ИДЕНТИФИКАТОР ВЕРСИИ
контрольное поле 20250611145903.0
021 ## - НОМЕР ГОСУДАРСТВЕННОЙ РЕГИСТРАЦИИ
Код страны Российская Федерация
Номер [65-87316]
035 ## - ДРУГИЕ СИСТЕМНЫЕ НОМЕРА
Идентификатор записи (NLR Aleph) 008246804
100 ## - ДАННЫЕ ОБЩЕЙ ОБРАБОТКИ
Данные общей обработки 20130416d1965 |||y0rusy50 ca
101 0# - ЯЗЫК РЕСУРСА
Язык текста, звукозаписи и т.д. русский
102 ## - СТРАНА ПУБЛИКАЦИИ ИЛИ ПРОИЗВОДСТВА
Страна публикации Российская Федерация
105 ## - ПОЛЕ КОДИРОВАННЫХ ДАННЫХ: ТЕКСТОВЫЕ МАТЕРИАЛЫ, МОНОГРАФИЧЕСКИЕ
Кодированные данные о монографическом текстовом документе a z |||a|
200 1# - ЗАГЛАВИЕ И СВЕДЕНИЯ ОБ ОТВЕТСТВЕННОСТИ
Основное заглавие [Пьесы
Сведения, относящиеся к заглавию Мамаша Кураж и ее дети. Допрос Лукулла. Добрый человек из Сычуани. Господин Пунтила и его слуга Матти. Карьера Артуро Ун, которой могло не быть
Первые сведения об ответственности Коммент. Е. Эткинда]
210 ## - ПУБЛИКАЦИЯ, РАСПРОСТРАНЕНИЕ И ДР.
Дата издания, распространения и т.д. 1965
Место издания, распространения и т.д. Б. м.
215 ## - ФИЗИЧЕСКАЯ ХАРАКТЕРИСТИКА
Специфическое обозначение материала и объем 472 с., 15 л. ил.
461 #0 - УРОВЕНЬ НАБОРА
Встроенное поле 001rc\4282324
-- 2001#$aТеатр$e[Пьесы. Статьи. Высказывания$eВ 5 т.$eПереводы]$v[Т.] 3
-- 700#1$aБрехт$bБ.$f1898-1956$gБертольт
Системный номер (АБИС) связанной записи 8310798
Автор Брехт, Б. (1898-1956)
Место публикации Москва
Дата публикации 1965
Имя издателя, распространителя и т.д. Искусство
Сведения, относящиеся к заглавию [Пьесы. Статьи. Высказывания : В 5 т. : Переводы]
Заглавие Театр
Номер тома [Т.] 3
464 #0 - АНАЛИТИЧЕСКИЙ УРОВЕНЬ
Встроенное поле 2001#$aМамаша Кураж и ее дети$aДопрос Лукулла$aДобрый человек из Сычуани$aГосподин Пунтила и его слуга Матти$aКарьера Артуро Ун, которой могло не быть
Заглавие Карьера Артуро Ун, которой могло не быть
702 #1 - ИМЯ ЛИЦА - ВТОРИЧНАЯ ОТВЕТСТВЕННОСТЬ
Начальный элемент ввода Эткинд
Часть имени, кроме начального элемента ввода Е.
Код отношения Комментатор печатного текста
801 #0 - ИСТОЧНИК ЗАПИСИ
Страна Российская Федерация
Организация NLR
Правила каталогизации psbo
801 #1 - ИСТОЧНИК ЗАПИСИ
Страна Российская Федерация
Организация ELAR
Источник данных rusmarc
852 ## - МЕСТОНАХОЖДЕНИЕ И ШИФР ХРАНЕНИЯ
Идентификатор организации NLR
Шифр хранения (Call Number) 65-3/6119
942 ## - ДОПОЛНИТЕЛЬНЫЕ ЭЛЕМЕНТЫ ЗАПИСИ (АБИС)
Тип экземпляра АБИС Книга
980 ## - КОЛЛЕКЦИЯ
Название коллекции Национальная библиография
Экземпляры
Тип экземпляра Дата поступления Библиотека постоянного хранения Библиотека текущего хранения Место хранения Шифр хранения Штрих-код Статус экземпляра
Книга 26.10.2013 РНБ (Московский) РНБ (Московский) Русский книжный фонд: издания с 1957 года 65-3/6119 1-292519